CATO Supreme court review (Record no. 2250)

MARC details
000 -LEADER
fixed length control field 00522nam a22002057a 4500
003 - CONTROL NUMBER IDENTIFIER
control field OSt
005 - DATE AND TIME OF LATEST TRANSACTION
control field 20150911140129.0
008 - FIXED-LENGTH DATA ELEMENTS--GENERAL INFORMATION
fixed length control field 150911b xxu||||| |||| 00| 0 eng d
020 ## - INTERNATIONAL STANDARD BOOK NUMBER
International Standard Book Number 193086552x
040 ## - CATALOGING SOURCE
Transcribing agency DDC
082 ## - DEWEY DECIMAL CLASSIFICATION NUMBER
Classification number 340.1 CAT 2005
100 ## - MAIN ENTRY--PERSONAL NAME
Personal name Levy, Robert A.
9 (RLIN) 5707
245 ## - TITLE STATEMENT
Title CATO Supreme court review
260 ## - PUBLICATION, DISTRIBUTION, ETC. (IMPRINT)
Place of publication, distribution, etc. Washington DC;
Name of publisher, distributor, etc. CATO institute,
Date of publication, distribution, etc. 2005
300 ## - PHYSICAL DESCRIPTION
Extent xi,290p;
Other physical details ill:
Dimensions 23cm
650 ## - SUBJECT ADDED ENTRY--TOPICAL TERM
Topical term or geographic name as entry element Justices
9 (RLIN) 5708
650 ## - SUBJECT ADDED ENTRY--TOPICAL TERM
Topical term or geographic name as entry element Court
9 (RLIN) 5709
700 ## - ADDED ENTRY--PERSONAL NAME
Personal name Moller, Markk
9 (RLIN) 5710
942 ## - ADDED ENTRY ELEMENTS (KOHA)
Source of classification or shelving scheme Other/Generic Classification Scheme
Koha item type Open Shelf
Holdings
Withdrawn status Lost status Source of classification or shelving scheme Damaged status Not for loan Home library Current library Date acquired Source of acquisition Inventory number Total Checkouts Full call number Barcode Date last seen Koha item type
    Dewey Decimal Classification     MUST Main Library MUST Main Library 11/09/2015   14/38560   340.1 CAT 2005 2015-2240 11/09/2015 Open Shelf
    Dewey Decimal Classification     MUST Main Library MUST Main Library 11/09/2015   14/38560   340.1 CAT 2005 2015-2241 11/09/2015 Open Shelf